[Event "Stuttgart-chB op"]
[Site "Ditzingen"]
[Date "2015.05.15"]
[Round "4"]
[White "Fischer, Lothar"]
[Black "Bender, Jonas"]
[Result "0-1"]
[WhiteElo "1717"]
[BlackElo "1814"]
[PlyCount "34"]
[EventDate "2015.05.17"]
[EventType "swiss"]
[EventRounds "7"]
[EventCountry "GER"]
[SourceTitle "EXT 2018"]
[Source "ChessBase"]
[SourceDate "2017.10.13"]
[SourceVersion "1"]
[SourceVersionDate "2017.10.13"]
[SourceQuality "1"]

1. e4 c5 2. c3 g6 3. Nf3 Bg7 4. d4 cxd4 5. cxd4 d5 6. e5 Bg4 7. Qa4+ Nc6 8. Be2 Nh6 9. h3 Bxf3 10. Bxf3 0-0 11. Nc3 e6 12. g4 f6 13. 0-0 fxe5 14. g5 Rxf3 15. gxh6 Qh4 16. dxe5 d4 17. Ne2 Bxe5 0-1

[Event "Stuttgart-chC int"]
[Site "Ditzingen"]
[Date "2014.05.30"]
[Round "5"]
[White "Mijic, Marcel"]
[Black "Bender, Jonas"]
[Result "0-1"]
[WhiteElo "1198"]
[BlackElo "1448"]
[PlyCount "42"]
[EventDate "2014.05.29"]
[EventType "swiss"]
[EventRounds "7"]
[EventCountry "GER"]
[SourceTitle "EXT 2015"]
[Source "ChessBase"]
[SourceDate "2014.11.20"]
[SourceVersion "1"]
[SourceVersionDate "2014.11.20"]
[SourceQuality "1"]

1. e4 c5 2. d4 cxd4 3. c3 d3 4. Nf3 Nc6 5. Bf4 g6 6. Bxd3 Bg7 7. e5 Nh6 8. Bc4 Ng4 9. Qd5 0-0 10. h3 Qb6 11. 0-0 Qxb2 12. Nbd2 Nh6 13. Rab1 Qxc3 14. Ne4 Qa5 15. Nc5 e6 16. Qd6 Nf5 17. Nb3 Nxd6 18. Nxa5 Nxa5 19. exd6 Nxc4 20. Rfc1 Na5 21. Be5 Nc6 0-1